Biggest Cities in each German State - Extreme - Statistics

General Stats
  • This quiz has been taken 211 times
  • The average score is 44 of 65
Answer Stats
State Population Answer % Correct
Saxony 512,354 Dresden
99%
Bavaria 1,348,335 Munich
99%
486,314 Nuremburg
99%
Baden-Württemberg 585,890 Stuttgart
99%
North-Rhine Westphalia 1,005,775 Cologne
98%
Hesse 667,925 Frankfurt am Main
98%
502,979 Leipzig
98%
586,291 Dusseldorf
96%
59,140 Frankfurt (Oder)
96%
Lower Saxony 506,416 Hanover
96%
571,143 Dortmund
94%
Schleswig-Holstein 235,782 Kiel
94%
566,201 Essen
91%
267,767 Augsburg
89%
Rhineland-Platinate 200,344 Mainz
89%
Brandenburg 156,021 Potsdam
89%
Saarland 175,853 Saarbrücken
89%
290,117 Mannheim
86%
Mecklenburg-Vorpommern 200,265 Rostock
86%
209,628 Freiburg im Breisgau
85%
228,144 Magdeburg
84%
488,468 Duisburg
82%
Thuringia 200,868 Erfurt
81%
135,403 Regensburg
79%
269,121 Wiesbaden
78%
240,253 Chemnitz
77%
289,173 Karlsruhe
77%
Saxony-Anhalt 229,153 Halle (Saale)
76%
105,739 Jena
76%
210,305 Lübeck
76%
242,537 Braunschweig
73%
190,765 Kassel
72%
146,751 Heidelberg
71%
124,927 Ingolstadt
71%
99,984 Cottbus
70%
119,984 Wolfsburg
70%
91,293 Schwerin
69%
105,671 Trier
69%
82,258 Flensburg
66%
107,825 Koblenz
66%
153,699 Osnabrück
66%
71,569 Brandenburg an der Havel
65%
143,499 Darmstadt
63%
96,340 Kaiserslautern
63%
96,067 Gera
60%
157,267 Oldenburg
60%
93,081 Zwickau
59%
164,718 Ludwigshafen
58%
62,764 Weimar
53%
64,111 Neubrandenburg
52%
113,443 Offenbach am Main
51%
56,729 Stralsund
45%
55,447 Greifswald
41%
41,502 Homburg
41%
86,030 Dessau-Roßlau
39%
77,249 Neumünster
39%
44,322 Gotha
34%
64,468 Plauen
33%
46,172 Neunkirchen
30%
41,269 Oranienburg
29%
47,390 Wittenburg
29%
73,913 Norderstedt
25%
38,809 Völklingen
24%
40,194 Weißenfels
10%
36,645 Sangt Ingbert
8%
No matching quizzes found
Score Distribution
Percent of People with Each Score
Percentile by Number Answered
Your Score History
You have not taken this quiz